|
|
|
|
| LEADER |
00843aam a22002418a 4500 |
| 001 |
00028531 |
| 005 |
20171026081025.0 |
| 008 |
120329s2007 ||||||viesd |
| 020 |
|
|
|c 32000
|
| 041 |
0 |
# |
|a vie
|
| 082 |
1 |
4 |
|a 158.1
|b Đ309D
|
| 110 |
2 |
# |
|a First News
|
| 245 |
1 |
0 |
|c First News tổng hợp, thực hiện
|a Điều diệu kỳ từ cách nhìn cuộc sống
|
| 260 |
# |
# |
|c 2007
|b Nxb. Tổng hợp Tp. Hồ Chí Minh
|a Tp. Hồ Chí Minh
|
| 300 |
# |
# |
|a 160tr.
|c 21cm.
|
| 490 |
# |
# |
|a Hạt giống tâm hồn
|
| 650 |
# |
4 |
|a Cuộc sống tinh thần
|x Truyện ngắn
|
| 653 |
# |
# |
|a Công tác xã hội
|
| 852 |
# |
# |
|j KD.0012743
|
| 852 |
# |
# |
|j KD.0012743
|b Kho đọc
|
| 910 |
|
|
|d 29/03/2012
|
| 980 |
# |
# |
|a Trung tâm Học liệu Lê Vũ Hùng, Trường Đại học Đồng Tháp
|